| 000 | 02197cam a2200361 i 4500 | ||
|---|---|---|---|
| 001 | 10071801 | ||
| 003 | CaAEU | ||
| 005 | 20251002120542.0 | ||
| 006 | m o d | ||
| 007 | cr un|---aucuu | ||
| 008 | 221101s2022 sz a ob 000 0 eng d | ||
| 020 | _a9783031076992 | ||
| 024 | 7 |
_a10.1007/978-3-031-07700-5 _2doi |
|
| 035 | _aon1349470387 | ||
| 039 | _aexclude | ||
| 040 |
_aGW5XE _beng _erda _epn _cGW5XE _dYDX _dAEU |
||
| 041 | 1 | _aeng | |
| 041 | 1 | _hger | |
| 050 | _aHF5549.5.C53 | ||
| 100 |
_aMiddendorf, Jörg _eauthor _925971 |
||
| 240 | 1 | 0 |
_aLösungsorientiertes Coaching. _lEnglish |
| 245 | 1 | 0 |
_aSolution-focused business coaching _b: a guide for individual and team coaching _c/ Jörg Middendorf. |
| 260 |
_aCham, Switzerland : _bSpringer, _c2022. |
||
| 300 |
_a128 pages : _billustrations (black and white) ; _c22 cm. |
||
| 490 |
_aBusiness guides on the go, _x2731-4766 |
||
| 504 | _aIncludes bibliographical references. | ||
| 505 | 0 | _aPart I Individual Coaching — 1 It Is Not About Solutions! — 2 If It's Not Broken, Don't Fix it — 3 It Is Simple and Sometimes Easy — 4 It Is More than a Miracle — Part II Team Coaching: Reteaming — 5 It Is All About Motivation: Reteaming — 6 It Starts with a Motto: The Assignment — 7 It Is About the Team⁰́₉s Future: The Team Coaching Workshop 91 — 8 It Is Only 12 Steps: The Team Coaching — Workshop — Literature. | |
| 520 | _aThis book presents the fundamentals and applications of solution-focused coaching both in individual coaching and in coaching entire teams. It provides central tools for consulting as well as an extensive collection of solution-focused coaching questions for practical use. In the second part of the book, methods and procedures for conducting team coaching workshops are presented. The book is aimed primarily at coaches and consultants who want to enrich their work with solution-focused coaching, as well as managers especially in the field of human resource management. | ||
| 588 | 0 | _aOnline resource; title from PDF title page (SpringerLink, viewed November 1, 2022). | |
| 650 | 0 |
_aEmployees _xCoaching of _910908 |
|
| 650 | 0 |
_aTeams in the workplace _9655 |
|
| 942 | _2lcc | ||
| 999 |
_c4991 _d4991 |
||